000 00973nas a2200325 4500
001 BR0703594
003 BR-BrBNA
005 20231205110907.0
007 ta
008 230509b bl.|||p| |||| 00| 00por d
040 _aBR-BrBNA
_bpor
_cBiblioteca Nacional de Agricultura
041 _a(En)
072 _aH20
100 1 _aCarmo, L.S.T.
100 1 _aCândido, E.S.
100 1 _aCampos, P.F.
100 1 _aQuezado-Duval, A.M.
100 1 _aLeonardecz, E.
100 1 _aLopes, C.A.
100 1 _aQuirino, B.F.
245 1 _aNatural variability in Arabidopsis thaliana germplasm response to Xanthomonas campestris pv. campestris
650 _aBRÁSSICA
650 _aXANTHOMONAS
650 _aBACTERIA
650 _aPODRIDÃO NEGRA
650 _aVARIEDADE RESISTENTE
773 0 _tFitopatologia Brasileira (Brazil)
_xISSN 0100-4158
_g(Mar-Apr 2007), v. 32(2) p. 97-103
_wBR0703594
909 _a202311
_bLúcia
_c55
_dLúcia Elande
942 _2AGRIS
_n0
_cANA
999 _c189637
_d189637